000 00669nam a2200217Ia 4500
003 OSt
005 20250903094149.0
008 220923b |||||||| |||| 00| 0 eng d
037 _cReference
040 _aRTL
_cRTL
_beng
041 _2eng
_aeng
084 _aJ.277.N89 M9/SC
_qRTL
100 _aGoswami, M. N.
_9235736
245 0 _aAgriculture in Assam
260 _aAssam
_bAssam Institute of Development Studies
_c1989
300 _axxv, 354 p.
_bIncludes bibliographical reference and index
650 _aAssam agriculture
_9819760
650 _aAgriculture
942 _hJ.277.N89 M9/SC
_cREF
_2CC
_n0
999 _c479158
_d479158